| 000 | 00355nam a22001337a 4500 | ||
|---|---|---|---|
| 005 | 20250221100600.0 | ||
| 008 | 250221b |||||||| |||| 00| 0 eng d | ||
| 050 |
_aHF5686 _b.C8 ARO |
||
| 100 | _aArora, M. N | ||
| 245 | _aEssentials of cost accounting | ||
| 260 |
_aNew Delhi _bVikas Publishing House Pvt Ltd _cc2009 |
||
| 300 | _a7.34p | ||
| 942 |
_2lcc _cBK _n0 |
||
| 999 |
_c4013 _d4013 |
||